000 01581cam a22003734i 4500
003 PE-LiUPU
005 20250731183418.0
008 150625s r 000 0 d
035 _a(Sirsi) a34859
040 _aPE-LiUPU
_bspa
_cPE-LiUPU
_erda
082 0 4 _a780.92
_bC / J92
_221
100 1 _aJuramie, Ghislaine,
_eautor.
245 1 0 _aTschaikovsky /
_cGhislaine Juramie ; traducción del francés por Felipe Ximénez de Sandoval.
264 1 _aMadrid :
_bEspasa-Calpe,
_c1981.
300 _a108 páginas ;
_c16 cm.
300 _adisquete de "fatum".
336 _atext
_2rdacontent
337 _aunmediated
_2rdamedia
338 _avolume
_2rdacarrier
505 0 _aEl Niño De Porcelana. -Los Años De Aprendizaje. -Primeras Obras Maestras, Primeras Ilusiones. -La Marcha Hacia Delante. -Otros Rostros Del "Fatum". -La Amiga Incomparable. -El Ruso De Europa. -Hacia La Gloria Mundial. -El Desquite Del "Fatum".
526 _aP158
526 _aP146
526 _aP17
526 _aP12
526 _aP06
600 1 _aChaikovskiï, Piotr Ilich.
_d1840-1893
700 1 _aXiménez de Sandoval, Felipe,
_d1903-1978,
_etraductor.
910 _a
942 _2ddc
_cBOOK
949 _a780.92 C / J92
_wDEWEY
_c1
_i23125
_lCCODEBUL1
_mBUL
_p00.00
_r0
_sY
_tBOOK
_u2015-06-25
_xBIBLIOTECA
_zUNKNOWN
_0COMPRA
_o.STAFF. Colección General
596 _a1
999 _a780.92 C / J92
_wDEWEY
_c42761
_i23125
_f2021-11-9
_g5
_lCCODEBUL1
_mBUL
_r0
_sY
_tBOOK
_u2015-6-25
_xEDUCACION
_zUNKNOWN
_0COMPRA
_o.STAFF. Colección General
_d42761
980 _81
_gALBERTO SANCHEZ Responsable de Automatización